Statistics for U.S. Counties with the Same Name

Click here to take the quiz!

General Stats

  • This quiz has been taken 83 times
  • The average score is 10 of 20

Answer Stats

Clue County # % Correct
Roosevelt is one of the four presidents on Mt. Rushmore. Name the other threeLincoln24
97%
Roosevelt is one of the four presidents on Mt. Rushmore. Name the other threeWashington31
97%
Roosevelt is one of the four presidents on Mt. Rushmore. Name the other threeJefferson26
94%
Victoria, Erie, Superior, to name but a few...Lake12
91%
An actor better known as The Rock dwells this surnameJohnson12
78%
Biggest rival to Donald Trump in the 2016 U.S. general electionClinton9
75%
A little yellow and blue mixed together; A very natural colourGreene14
75%
One of these had 6 wives, 2 of which he had executed!Henry10
73%
An early material used to make potteryClay18
72%
A unit of electrical charge; A founding father of the United StatesFranklin26
46%
A famous actor with this as a given name played an infamous professor of ArchaeologyHarrison8
40%
Middle name of a greedy businessman who runs an Excellent Nuclear PlantMontgomery18
39%
A U.S. army post in Kentucky; A city in AustraliaKnox9
39%
The capital of the Isle of Man; A port in North Queensland, AustraliaDouglas12
30%
Possibly the most famous Platypus in the world; A nuclear power plant in OhioPerry10
21%
A crater and mountain in Australia; Supermodel from the 80s and 90sCrawford11
21%
A famous type of sausage from England; A County in north-west EnglandCumberland8
10%
A 2017 film about a particular mutantLogan10
10%
Five different US ships were given this name; A lunar impact crater goes by this nameLawrence11
6%
A bridge over the Mississippi River; Mountains and University in MassachusettsClark12
4%

Score Distribution

Percentile by Number Answered

Percent of People with Each Score

Your Score History

You have not taken this quiz